000 00441nam a2200181Ia 4500
001 23967
005 20260414151012.0
008 260414t1969||||xx |||||||||||||| ||spa||
041 _aESP
082 _a726.640944
_bCH525
100 _aCharpentier, Louis
_eAUT
245 0 _aEl enigma de la catedral de Chartres
_b
260 _c1969
300 _a246 páginas :
_c18 cm.
650 _aABD
654 _aCAU
942 _cLIB
_dJUS
_fJUS
_2ddc
_n
999 _c23967
_d23967